000 00928nam a2200325Ia 4500
001 Z_1118
003 CHAP
008 220113s1990 xx 000 0 und d
010 _a164198
020 _a84-7114-292-9
040 _cCHAP
082 _a636.213086 Z43
100 _aZea Salgueiro, Jaime
_9123843
245 _aProducción de carne con pastos y forrajes /
_cJaime Zea Salgueiro y Ma. Dolores Díaz Díaz
260 _aEspaña :
_bMundi-Prensa,
_c1990
300 _a389 p.
503 _aej.1: 156607 \ ej.2: 160623
504 _aIncluye bibliografía
650 _aAlimentación de terneros
_9138276
650 _aForraje
_9137922
650 _aGanado de carne
_945067
650 _aGanado vacuno
_x
_x Mejoramiento de la especie
_9138277
700 _aDíaz Díaz, Ma. Dolores, aut.
_9138278
901 _a636.213086 Z43
902 _aM
910 _a1990
942 _c1
942 _cc1
999 _c164198
_d164198